| 000 | 01026nam a22003137a 4500 | ||
|---|---|---|---|
| 003 | CHAP | ||
| 005 | 20220329133608.0 | ||
| 008 | 971013s1992 r 00010 d | ||
| 010 | _a8349 | ||
| 011 | _a9321 | ||
| 035 | _a8556 | ||
| 040 | _cCHAP | ||
| 090 | _aTesis | ||
| 100 | 1 |
_aGutiérrez Espinosa, Jorge Antonio. _951670 |
|
| 245 | 1 | _aEfecto de la intensidad y la época de poda en rosal (Rosa hybrida) | |
| 260 |
_aMontecillo, Méx. : _bEl autor, _c1992 |
||
| 300 | _a49 h | ||
| 502 | _aTesis (M.C. Esp. en Fruticultura) -- C.P. Centro de Fruticultura | ||
| 590 |
_aALEPH _b10 _c20130110 _lUCH01 _h1222 |
||
| 590 |
_aBATCH-UPD _b10 _c20130110 _lUCH01 _h1759 |
||
| 590 |
_aBATCH-UPD _b10 _c20130410 _lUCH01 _h1136 |
||
| 590 |
_aBATCH-UPD _b10 _c20130914 _lUCH01 _h1952 |
||
| 590 |
_aCONVERSION _b10 _c20130109 _lUCH01 _h1306 |
||
| 650 | 1 | 4 |
_aRosas _xPoda. _999983 |
| 901 | _aBK | ||
| 942 | _cFOLL | ||
| 949 |
_aTesis _bBC _cTES _d33724000981536 _eTS2 _fc.2 _h25930 _i8556 _mD _si |
||
| 949 |
_bBC _cTES _d-18788 _eTS1 _h25929 _i8556 _mD _si |
||
| 999 |
_c8349 _d8349 |
||